| 000 | 00405nam a2200157Ia 4500 | ||
|---|---|---|---|
| 005 | 20250424120245.0 | ||
| 008 | 250424s9999 xx 000 0 und d | ||
| 022 | _aHF 1359 .I58/ | ||
| 050 | _aIntelligence and insight: economia | ||
| 245 | 0 | _aUnited kingdom | |
| 260 | _aAcademy of Management | ||
| 260 | _b2016 | ||
| 260 | _c98 p. :ill. ; 30 cm. | ||
| 300 | _a International finance. | ||
| 650 | _aSR | ||
| 999 |
_c38286 _d38286 |
||